| 000 | 01750cam a2200505 i 4500 | ||
|---|---|---|---|
| 001 | 16595 | ||
| 003 | KOSZ 005 | ||
| 005 | 20250408062843.0 | ||
| 008 | 250407s1975 pl a f 001 0 pol | ||
| 015 | _aUWD 1976/1355 | ||
| 035 | _a991023687889705066 | ||
| 035 | _a(PL-WaBN)b16488738-48omnis_nlop | ||
| 035 | _ab16488738 | ||
| 035 | _a(OCoLC)830608107 | ||
| 035 | _a(PL)b0000001648873 | ||
| 035 | _a(EXLNZ-48OMNIS_NETWORK)9910260328805606 | ||
| 040 |
_aWA N _cWA N _dKOSZ 005/RW |
||
| 041 | 1 |
_apol _hrus |
|
| 046 | _k1972 | ||
| 080 | _a530.145 | ||
| 080 | _a(07) | ||
| 245 | 0 | 0 |
_aKrótki kurs fizyki teoretycznej. _nT. 2, _pMechanika kwantowa / _cL. D. Landau, E. M. Lifszyc ; [tłumaczył z języka rosyjskiego Jędrzej Jędrzejewski]. |
| 246 | 1 |
_iTytuł oryginału: _aKvantovaâ mehanika |
|
| 250 | _aWydanie I. | ||
| 260 |
_aWarszawa : _bPaństwowe Wydawnictwo Naukowe, _c1975. |
||
| 300 |
_a348, [3] stron : _bilustracje ; _c21 cm. |
||
| 336 |
_aTekst _btxt _2rdacontent |
||
| 337 |
_aBez urządzenia pośredniczącego _bn _2rdamedia |
||
| 338 |
_aWolumin _bnc _2rdacarrier |
||
| 380 | _aKsiążki | ||
| 380 | _aPublikacje dydaktyczne | ||
| 388 | 1 | _a1901-2000 | |
| 388 | 1 | _a1945-1989 | |
| 504 | _aIndeks. | ||
| 650 | 7 |
_aMechanika kwantowa _2DBN |
|
| 655 | 7 | _aPodręcznik | |
| 658 | _aFizyka i astronomia | ||
| 700 | 1 |
_aJędrzejewski, Jędrzej _eTłumaczenie |
|
| 700 | 1 |
_aLandau, Lew _d(1908-1968) _eAutor |
|
| 700 | 1 |
_aLifszyc, Jewgienij _d(1915-1985) _eAutor |
|
| 710 | 2 |
_aPaństwowe Wydawnictwo Naukowe _4pbl |
|
| 856 |
_uhttps://koha.tu.koszalin.pl/cgi-bin/koha/opac-detail.pl?biblionumber=16595 _yKatalog online BPK |
||
| 942 |
_2UKD _cKS |
||
| 999 |
_c16595 _d16595 |
||